Never Gonna Give You Up Lyrics - Statistics

General Stats
  • This quiz has been taken 1,130 times
    1,113 since last reset
  • The average score is 29 of 34
Answer Stats
Answer % Correct
Gonna
100%
Never
100%
Give
99%
Up
99%
You
99%
Gonna
98%
Never
98%
Down
97%
Let
97%
You
97%
Gonna
96%
Never
96%
And
88%
Around
88%
Never
88%
You
88%
Gonna
87%
Desert
85%
Run
83%
Never
82%
Gonna
81%
Say
80%
Goodbye
79%
You
78%
Cry
77%
Make
77%
Never
77%
Gonna
76%
And
69%
A
68%
You
68%
Hurt
67%
Tell
67%
Lie
66%
No matching quizzes found
Score Distribution
Percent of People with Each Score
Percentile by Number Answered
Your Score History
You have not taken this quiz since the last reset